00324nam a22001217a 4500020000800000040001600008082001700024100001900041245005900060250001200119260003600131300003500167 qPB. cFIZZA ISHAQ a624.171bWES aWest, Harry H. aFundamentals of structural analysis /cHarry H , West. a2ND ED. aNew York:b John Wiley, c2002. a xvii, 567 p. : ill. ; c26 cm